000 01231nam0a2200325 4500
001 RU\NLR\bibl\857677
005 20250614153846.0
010 _a5-7379-0243-9
_9300
035 _a(NLR Aleph) 000846387
090 _a1452436
_c1452436
100 _a20051020d2004 |||y0rusy50 ca
101 0 _arus
_deng
102 _aRU
105 _aa |||||||||
200 1 _aТехника и культура игры на органе
_fД.Б. Процюк
210 _aСанкт-Петербург
_cКомпозитор - Санкт-Петербург
_d2004
215 _a169, [2] с.
_cил., нот.
_d21
300 _aНа 4-й с. обл. авт.: Д.Б. Процюк, лауреат Междунар. конкурса 1996
300 _aРез. на англ. яз.
320 _aБиблиогр.: с. 144-152 (194 назв.)
320 _aИмен. указ.: с. 155-156
606 1 _aОрган (муз.)
_xМетодика и техника игры
_2nlr_sh
686 _aЩ310.715.43-713
700 1 _aПроцюк
_bД. Б.
_gДаниил Борисович
_4070
801 0 _aRU
_bNLR
_c20051020
_grcr
801 1 _aRU
_bNLR
_c20051020
830 _aавт. по кн.
942 _cBOOK
980 _aNB